[Event "Senior DM 2019-65+"]
[Site "Aarhus"]
[Date "2019.02.13"]
[Round "3"]
[White "Hvenekilde, Jorgen"]
[Black "Hartung Nielsen, Jens"]
[Result "1/2-1/2"]
[WhiteElo "2032"]
[BlackElo "2192"]
[EventDate "2019.02.09"]
[EventType "swiss"]
[EventRounds "7"]
[EventCountry "DEN"]

1. e4 c5 2. Nf3 g6 3. d4 cxd4 4. Nxd4 Bg7 5. Nc3 Nc6 6. Be3 Nf6 7. Be2 O-O 8.
Qd2 d5 9. exd5 Nxd5 10. Nxd5 Nxd4 11. Bc4 Nf5 12. O-O-O Nxe3 13. Nxe3 Qc7 14.
Bb3 Qe5 15. c3 Be6 16. Bxe6 Qxe6 17. Nd5 Qd6 18. Rhe1 e5 19. Kb1 Rfe8 1/2-1/2

[Event "Senior DM 2019-65+"]
[Site "Aarhus"]
[Date "2019.02.13"]
[Round "3"]
[White "Larsen, Finn"]
[Black "Nielsen, Kaj"]
[Result "1-0"]
[WhiteElo "1824"]
[BlackElo "1648"]
[EventDate "2019.02.09"]
[EventType "swiss"]
[EventRounds "7"]
[EventCountry "DEN"]

1. c4 e5 2. Nc3 Nf6 3. Nf3 Nc6 4. d4 exd4 5. Nxd4 Nxd4 6. Qxd4 Bb4 7. c5 Bxc3+
8. Qxc3 O-O 9. Bg5 Ne4 10. Bxd8 Nxc3 11. Bxc7 Nb5 12. Bg3 Re8 13. O-O-O a6 14.
e3 Na7 15. Be2 Nc6 16. Bf3 g6 17. h4 h5 18. a3 a5 19. b3 Ne5 20. Be2 Rb8 21.
Rd5 f6 22. Bxe5 Rxe5 23. Rxe5 fxe5 24. Rd1 b6 25. Bc4+ Kf8 26. cxb6 Rxb6 27. f3
d6 28. Kb2 Ke7 29. Rd5 Be6 30. Rb5 Rxb5 31. Bxb5 d5 32. Bd3 Bf7 33. Kc3 Kd6 34.
b4 axb4+ 35. Kxb4 Kc6 36. a4 Kb6 37. Bb5 Be6 38. a5+ Kb7 39. Kc5 Bf7 40. Bc6+
Ka6 41. Bxd5 Be8 42. Be4 Kxa5 43. Kd6 Bb5 44. Kxe5 Bf1 45. g3 Bg2 46. f4 Bxe4
47. Kxe4 1-0

[Event "Senior DM 2019-65+"]
[Site "Aarhus"]
[Date "2019.02.13"]
[Round "3"]
[White "Larsen, Jorgen Rene"]
[Black "Andersson, Finn"]
[Result "0-1"]
[WhiteElo "1719"]
[BlackElo "1837"]
[EventDate "2019.02.09"]
[EventType "swiss"]
[EventRounds "7"]
[EventCountry "DEN"]

1. g3 d5 2. Bg2 Nf6 3. d3 e5 4. Bg5 Be7 5. Bxf6 Bxf6 6. e4 d4 7. Nd2 Be6 8. Ne2
Qd7 9. O-O g5 10. Nb3 Qd6 11. Qd2 Rg8 12. c4 Nc6 13. Rfd1 b6 14. Rac1 Qd7 15.
Na1 a5 16. a3 a4 17. Rc2 Rg6 18. f3 Bh3 19. g4 Bxg2 20. Kxg2 Nd8 21. Qb4 Be7
22. Qe1 Ne6 23. Ng3 Nf4+ 24. Kh1 O-O-O 25. Nf5 Rh8 26. Qf1 h5 27. Rdd2 hxg4 28.
fxg4 c6 29. Rf2 Rgg8 30. Rf3 Rh7 31. h3 Rgh8 32. Rh2 Kb7 33. Nc2 b5 34. cxb5
cxb5 35. Kg1 Bd8 36. Qe1 Nxh3+ 37. Rfxh3 Rxh3 38. Rxh3 Rxh3 39. Kg2 Rh8 40. Qb4
Bc7 41. Qd2 f6 42. Qe2 Qh7 43. Ng3 Qh2+ 44. Kf3 Qxe2+ 45. Nxe2 Ba5 46. Ng3 Rh2
47. Ne2 Kc6 0-1

[Event "Senior DM 2019-65+"]
[Site "Aarhus"]
[Date "2019.02.13"]
[Round "3"]
[White "Matras, Ove"]
[Black "Kristensen, Lars Ostergaard"]
[Result "1-0"]
[WhiteElo "1826"]
[BlackElo "1624"]
[EventDate "2019.02.09"]
[EventType "swiss"]
[EventRounds "7"]
[EventCountry "DEN"]

1. e4 e5 2. Nf3 Nf6 3. Bc4 Nxe4 4. d3 Nf6 5. Nxe5 d5 6. Bb3 Bd6 7. d4 O-O 8.
O-O Nbd7 9. f4 c5 10. c3 cxd4 11. cxd4 Re8 12. Nc3 Nb6 13. Bc2 Bd7 14. Qd3 g6
15. f5 Nc4 16. fxg6 fxg6 17. Nxg6 Ne4 18. Nxd5 hxg6 19. Qxc4 Bxh2+ 20. Kxh2
Qh4+ 21. Kg1 Ng3 22. Ne7+ Kg7 23. Qf7+ 1-0

[Event "Senior DM 2019-65+"]
[Site "Aarhus"]
[Date "2019.02.13"]
[Round "3"]
[White "Mikkelsen, Peter Jorgen Dam"]
[Black "Madsen, Svend Aage"]
[Result "0-1"]
[WhiteElo "2070"]
[BlackElo "2040"]
[EventDate "2019.02.09"]
[EventType "swiss"]
[EventRounds "7"]
[EventCountry "DEN"]

1. d4 d5 2. Nf3 Nf6 3. Bf4 c5 4. e3 Nc6 5. Be2 Bg4 6. O-O e6 7. h3 Bxf3 8. Bxf3
cxd4 9. exd4 Qb6 10. Nc3 Nxd4 11. Rb1 Nxf3+ 12. Qxf3 Bd6 13. Bg5 Be7 14. h4 h6
15. Bf4 Bd6 16. g4 Bxf4 17. Qxf4 Rc8 18. Qa4+ Qc6 19. Qxa7 Nxg4 20. Qd4 Qc4 21.
Rbd1 O-O 22. Rfe1 Rc6 23. f3 Nf6 24. Qf2 Qb4 25. Rd3 Rfc8 26. a3 Qc5 27. Rd4
Ne8 28. Re2 Nd6 29. Rd3 Nf5 30. h5 Ng3 31. Re5 Qxf2+ 32. Kxf2 f6 33. Re1 Nxh5
34. Ke3 Ng3 0-1

[Event "Senior DM 2019-65+"]
[Site "Aarhus"]
[Date "2019.02.13"]
[Round "3"]
[White "Mortensen, Steen Juul"]
[Black "Rendlev, Niels Moller"]
[Result "1-0"]
[WhiteElo "1913"]
[BlackElo "1677"]
[EventDate "2019.02.09"]
[EventType "swiss"]
[EventRounds "7"]
[EventCountry "DEN"]

1. d4 d5 2. c4 e6 3. Nf3 c6 4. Qc2 f5 5. Bf4 Nf6 6. e3 Be7 7. Nc3 Ne4 8. Bd3
Nd7 9. O-O Ndf6 10. Ne5 O-O 11. f3 Nd6 12. c5 Nf7 13. b4 Nh5 14. Nxf7 Rxf7 15.
Be5 Nf6 16. b5 Nd7 17. f4 g5 18. a4 g4 19. Ne2 h5 20. a5 h4 21. bxc6 bxc6 22.
Rfb1 Nxe5 23. fxe5 Bg5 24. Nf4 Bxf4 25. exf4 Bd7 26. Rb7 Be8 27. a6 Rb8 28. Qb3
Rc8 29. Rb1 Rfc7 30. Rxc7 Rxc7 31. Qb8 Qxb8 32. Rxb8 Kf8 33. Rb7 Rd7 34. Bc2
Ke7 35. Ba4 Kd8 36. Rb8+ 1-0

[Event "Senior DM 2019-65+"]
[Site "Aarhus"]
[Date "2019.02.13"]
[Round "3"]
[White "Nielsen, Bent K"]
[Black "Markussen, Benno Orvad"]
[Result "0-1"]
[WhiteElo "1278"]
[BlackElo "1739"]
[EventDate "2019.02.09"]
[EventType "swiss"]
[EventRounds "7"]
[EventCountry "DEN"]

1. e4 d6 2. Nc3 Nf6 3. h3 e5 4. Nf3 c6 5. d4 Qc7 6. Be2 Be7 7. dxe5 dxe5 8. Bd3
Nbd7 9. Be3 Bc5 10. Bg5 O-O 11. O-O h6 12. Bh4 Nh5 13. Nh2 Nf4 14. Na4 b5 15.
Nxc5 Nxc5 16. Qf3 Ncxd3 17. cxd3 Qd6 18. Rad1 Ne6 19. Qe3 Nd4 20. Rd2 Be6 21.
f4 exf4 22. Qxf4 Qxf4 23. Rxf4 g5 24. Rf6 Kg7 25. Bxg5 hxg5 26. Rdf2 Ne2+ 27.
Kf1 Nf4 28. e5 Nxd3 29. R2f5 Nxe5 30. Nf3 Bxf5 31. Rxf5 Nxf3 32. gxf3 f6 33.
Rc5 Rac8 0-1

[Event "Senior DM 2019-65+"]
[Site "Aarhus"]
[Date "2019.02.13"]
[Round "3"]
[White "Overmark, Ole"]
[Black "Stald, Flemming"]
[Result "0-1"]
[WhiteElo "1740"]
[BlackElo "1954"]
[EventDate "2019.02.09"]
[EventType "swiss"]
[EventRounds "7"]
[EventCountry "DEN"]

1. e4 c5 2. Nf3 d6 3. d4 cxd4 4. c3 dxc3 5. Nxc3 Nc6 6. Bc4 h6 7. e5 e6 8. exd6
Bxd6 9. O-O Nf6 10. Qe2 a6 11. Rd1 Qe7 12. a3 O-O 13. b4 b5 14. Bb3 Bb7 15. Be3
Rfd8 16. Rac1 Bc7 17. Bc5 Qe8 18. h3 Rxd1+ 19. Rxd1 Rd8 20. a4 bxa4 21. Bxa4
Nd7 22. Bxc6 Bxc6 23. Qxa6 Bxf3 24. gxf3 Nxc5 25. Rxd8 Qxd8 26. bxc5 Qg5+ 27.
Kf1 Qxc5 28. Qa8+ Kh7 29. Qe4+ g6 30. Qe3 Qf5 31. Kg2 Bf4 32. Qe4 Qg5+ 33. Kf1
Bh2 34. Ne2 Bd6 35. f4 Qc5 36. Kg2 Kg7 37. Qe3 Qd5+ 38. f3 Qc4 39. Qe4 Qc5 40.
h4 h5 41. Kg3 Bc7 42. Qd4+ Qxd4 43. Nxd4 e5 44. Ne2 exf4+ 45. Kh3 Kf6 46. Kg2
Ke5 47. Nc3 Bd8 48. Kh3 Kd4 49. Ne4 Ke3 50. Kg2 Bxh4 51. Nd6 f5 52. Nf7 Bf6 53.
Nd6 h4 54. Nc4+ Ke2 55. Nb6 h3+ 56. Kxh3 Kxf3 57. Nd5 Be5 58. Ne7 Ke2 59. Nxg6
Bc7 0-1

[Event "Senior DM 2019-65+"]
[Site "Aarhus"]
[Date "2019.02.13"]
[Round "3"]
[White "Petersen, Peter Birk"]
[Black "Strachan, Christian C"]
[Result "1-0"]
[WhiteElo "2106"]
[BlackElo "1912"]
[EventDate "2019.02.09"]
[EventType "swiss"]
[EventRounds "7"]
[EventCountry "DEN"]

1. e4 e6 2. d4 d5 3. Nd2 dxe4 4. Nxe4 Nd7 5. Nf3 Ngf6 6. Nxf6+ Nxf6 7. Bd3 c5
8. dxc5 Bxc5 9. O-O O-O 10. Bg5 Qc7 11. Qd2 b6 12. Rfe1 Bb7 13. Bxf6 gxf6 14.
Qh6 f5 15. Ng5 Rfe8 16. Nxh7 Bd4 17. Re3 Bg7 18. Nf6+ Kf8 19. Nxe8 Rxe8 20. Qg5
f6 21. Qg6 Bc6 22. Rae1 Qc8 23. Rg3 Qc7 24. Rge3 Qc8 25. Bc4 Bd7 26. Rc3 Qb7
27. a4 a6 28. Qg3 e5 29. Qg6 Re7 30. Rh3 Qc7 31. Rh8+ Bxh8 32. Qg8# 1-0

[Event "Senior DM 2019-65+"]
[Site "Aarhus"]
[Date "2019.02.13"]
[Round "3"]
[White "Thomassen, Ulrik"]
[Black "Jorgensen, Arne Bjorn"]
[Result "1/2-1/2"]
[WhiteElo "1917"]
[BlackElo "2001"]
[EventDate "2019.02.09"]
[EventType "swiss"]
[EventRounds "7"]
[EventCountry "DEN"]

1. e4 e6 2. d4 d5 3. Nc3 dxe4 4. Nxe4 Be7 5. Nf3 Nd7 6. Bd3 Ngf6 7. O-O O-O 8.
Bg5 b6 9. Ne5 Bb7 10. Ng3 h6 11. Bd2 c5 12. Nxd7 Qxd7 13. dxc5 Bxc5 14. Kh1 a5
15. Qe2 Rfd8 1/2-1/2

[Event "Senior DM 2019-65+"]
[Site "Aarhus"]
[Date "2019.02.14"]
[Round "4"]
[White "Andersson, Finn"]
[Black "Simonsen, Kurt"]
[Result "1-0"]
[WhiteElo "1837"]
[BlackElo "1657"]
[EventDate "2019.02.09"]
[EventType "swiss"]
[EventRounds "7"]
[EventCountry "DEN"]

1. e4 c5 2. f4 g6 3. Nf3 Nc6 4. c3 d6 5. d4 cxd4 6. cxd4 Bg4 7. d5 Nb8 8. Bb5+
Bd7 9. Qd4 f6 10. Bd3 Qa5+ 11. b4 Qc7 12. Nc3 a6 13. Bb2 b5 14. Rc1 Qa7 15.
Qxa7 Rxa7 16. Ne2 e6 17. O-O e5 18. fxe5 dxe5 19. Nxe5 Bxb4 20. Nc6 Bxc6 21.
dxc6 Rc7 22. e5 Rxc6 23. exf6 Kf7 24. Rxc6 Nxc6 25. Rc1 Nxf6 26. Rxc6 Be7 27.
Bc2 Re8 28. Bb3+ Kg7 29. Ng3 Bd8 30. Kf2 a5 31. Kf3 a4 32. Bd5 Kh6 33. Bxf6 b4
34. Ne4 Rf8 35. g4 Bxf6 36. Nxf6 Kg5 37. h4+ Kxh4 38. Ke4 b3 39. axb3 a3 40. b4
Rb8 41. Ra6 Rxb4+ 42. Kd3 Kg5 43. Nxh7+ Kxg4 44. Rxg6+ Kf5 45. Ra6 Rh4 46. Ke3
Rh3+ 47. Bf3 Ke5 48. Ng5 Rg3 49. Ne4 Rg1 50. Rxa3 Re1+ 51. Kf2 Rc1 52. Ke3 Re1+
53. Be2 Rxe2+ 54. Kxe2 Kxe4 55. Rd3 1-0

[Event "Senior DM 2019-65+"]
[Site "Aarhus"]
[Date "2019.02.14"]
[Round "4"]
[White "Hartung Nielsen, Jens"]
[Black "Christiansen, Arne"]
[Result "1/2-1/2"]
[WhiteElo "2192"]
[BlackElo "2039"]
[EventDate "2019.02.09"]
[EventType "swiss"]
[EventRounds "7"]
[EventCountry "DEN"]

1. d4 Nf6 2. c4 e6 3. Nc3 d5 4. cxd5 exd5 5. Bg5 c6 6. e3 Nbd7 7. Bd3 Be7 8.
Qc2 O-O 9. Nge2 Re8 10. O-O Nf8 11. Rae1 Nh5 12. Bxe7 Qxe7 13. Ng3 Nxg3 14.
hxg3 Bg4 15. e4 dxe4 16. Bxe4 Qd7 17. d5 cxd5 18. Bxd5 Be6 19. Rd1 Bxd5 20.
Nxd5 Rac8 21. Qb3 Qc6 22. Rfe1 Ng6 23. Re3 Rxe3 24. Nxe3 h6 25. Qb4 b6 26. Qd4
Qe6 27. b3 Re8 28. Nc4 Qe2 29. a4 Re7 30. Ne3 Qh5 31. Rc1 Kh7 32. Qd3 Qe5 33.
Nd5 Re6 34. Nf4 Rd6 35. Qc2 f5 36. Nxg6 Rxg6 37. Qc7 Qb2 38. Qc3 Qxc3 39. Rxc3
1/2-1/2

[Event "Senior DM 2019-65+"]
[Site "Aarhus"]
[Date "2019.02.14"]
[Round "4"]
[White "Haugaard, Thomas"]
[Black "Thomassen, Ulrik"]
[Result "0-1"]
[WhiteElo "1691"]
[BlackElo "1917"]
[EventDate "2019.02.09"]
[EventType "swiss"]
[EventRounds "7"]
[EventCountry "DEN"]

1. d4 Nf6 2. c4 g6 3. Nc3 Bg7 4. e4 d6 5. f3 O-O 6. Be3 c6 7. Bd3 e5 8. d5 c5
9. Qd2 Na6 10. Nge2 Bd7 11. g4 Nb4 12. h4 Nxd3+ 13. Qxd3 a6 14. Ng3 b5 15. h5
bxc4 16. Qd2 Rb8 17. hxg6 fxg6 18. O-O-O Qb6 19. Rh2 Bxg4 20. fxg4 Nxg4 21.
Rdh1 Rf3 22. Nf1 Rbf8 23. Qe2 Nxh2 24. Nxh2 Rh3 25. Rf1 Qd8 26. Rf3 Qh4 27.
Rxf8+ Bxf8 28. Nf1 Bh6 29. Nd1 Qxe4 0-1

[Event "Senior DM 2019-65+"]
[Site "Aarhus"]
[Date "2019.02.14"]
[Round "4"]
[White "Jensen, Vagn"]
[Black "Matras, Ove"]
[Result "1-0"]
[WhiteElo "2141"]
[BlackElo "1826"]
[EventDate "2019.02.09"]
[EventType "swiss"]
[EventRounds "7"]
[EventCountry "DEN"]

1. e4 c6 2. d4 d5 3. Nd2 dxe4 4. Nxe4 Bf5 5. Ng3 Bg6 6. Bc4 e6 7. N1e2 Bd6 8.
h4 h6 9. Nf4 Bxf4 10. Bxf4 Nf6 11. h5 Bh7 12. Qd2 Nbd7 13. O-O Nb6 14. Be2 Nbd5
15. Be5 Qe7 16. c4 Nb6 17. Qf4 Rd8 18. Rfe1 O-O 19. Rad1 Rd7 20. b3 Rfd8 21.
Bf3 Ne8 22. Qe3 Qg5 23. Bf4 Qf6 24. a4 Rxd4 25. Be5 Rxd1 26. Bxf6 Rxe1+ 27.
Qxe1 Nxf6 28. Qa5 Ra8 29. Qe5 Rc8 30. a5 Nbd7 31. Qd6 Nf8 32. a6 bxa6 33. Bxc6
a5 34. f3 Bc2 35. Ba4 g6 36. Qd2 Bb1 37. Qb2 Nxh5 38. Nxh5 1-0

[Event "Senior DM 2019-65+"]
[Site "Aarhus"]
[Date "2019.02.14"]
[Round "4"]
[White "Jorgensen, Arne Bjorn"]
[Black "Hardlei, Kim"]
[Result "1-0"]
[WhiteElo "2001"]
[BlackElo "1825"]
[EventDate "2019.02.09"]
[EventType "swiss"]
[EventRounds "7"]
[EventCountry "DEN"]

1. d4 Nf6 2. Nf3 g6 3. c4 Bg7 4. Nc3 d5 5. Bf4 O-O 6. e3 c6 7. h3 b6 8. Be2 Ba6
9. cxd5 Bxe2 10. Qxe2 Nxd5 11. Nxd5 Qxd5 12. O-O h6 13. a3 Nd7 14. Rfd1 Nf6 15.
Rac1 Ne4 16. Rc2 Rfd8 17. Rdc1 c5 18. Be5 Bxe5 19. Nxe5 Kg7 20. Nf3 Rd6 21. Qc4
cxd4 22. Nxd4 Qxc4 23. Rxc4 Rad8 24. R1c2 R8d7 25. b4 Nf6 26. g3 e6 27. Kg2 h5
28. Nf3 Nd5 29. e4 Ne7 30. Ne5 Rd8 31. Rc7 Kf6 32. Rxa7 Nc8 33. Rac7 Kxe5 34.
Rxc8 Rxc8 35. Rxc8 Kxe4 36. Rc2 f5 37. h4 e5 38. Rc3 Kd4 39. Rc7 e4 40. Kf1 Kd3
41. b5 Kd2 42. Rc6 Rd3 43. Rxb6 Rxa3 44. Rxg6 Rf3 45. Rd6+ Kc2 46. Kg2 Rd3 47.
Rf6 Rd2 48. Kf1 Rd1+ 49. Kg2 Rd2 50. Re6 Kd1 51. Kf1 Rd5 52. b6 Rb5 53. Rd6+
Kc1 54. Ke1 Rb3 55. Rf6 e3 56. fxe3 Rxe3+ 57. Kf2 Re5 58. b7 Rb5 59. Rf7 Kd2
60. Kf3 Ke1 61. Re7+ Kf1 62. Rh7 Rb3+ 63. Kf4 Kg2 64. Rg7 Rb5 65. Ke3 Rb4 66.
Kd3 Kf3 67. Kc3 Rb1 68. Kc4 f4 69. gxf4 Kxf4 70. Kc5 Ke5 71. Rg5+ Ke6 72. Kc6
1-0

[Event "Senior DM 2019-65+"]
[Site "Aarhus"]
[Date "2019.02.14"]
[Round "4"]
[White "Kristensen, Lars Ostergaard"]
[Black "Larsen, Finn"]
[Result "0-1"]
[WhiteElo "1624"]
[BlackElo "1824"]
[EventDate "2019.02.09"]
[EventType "swiss"]
[EventRounds "7"]
[EventCountry "DEN"]

1. d4 f5 2. Bg5 Nf6 3. Bxf6 exf6 4. Nc3 d5 5. e3 Be6 6. Bd3 Nc6 7. Qf3 g6 8.
Nge2 Nb4 9. Nf4 Qd7 10. h4 Nxd3+ 11. Nxd3 c6 12. O-O-O O-O-O 13. Na4 b6 14. Qe2
Kb7 15. Nf4 Bd6 16. Rd3 Bf7 17. Rb3 Rhe8 18. Nd3 Ka8 19. Qd2 Rb8 20. Nb4 c5 21.
dxc5 bxc5 22. Nxd5 Qxa4 23. Ra3 Qc6 24. Qa5 Rb7 25. c4 Be5 26. Rb3 Rxb3 27.
axb3 Bxd5 28. cxd5 Qxd5 29. Rd1 Qc6 30. Rd8+ Rxd8 31. Qxd8+ Kb7 32. Qg8 Qd7 33.
h5 gxh5 34. Qc4 a6 35. Qh4 Qf7 36. Qa4 Qd5 37. Qe8 Qxg2 38. Qd7+ Bc7 39. Qxf5
Qg5 40. Qxh7 Qg1+ 41. Kd2 Qxf2+ 42. Kd3 Qf1+ 43. Kc3 Qc1+ 0-1

[Event "Senior DM 2019-65+"]
[Site "Aarhus"]
[Date "2019.02.14"]
[Round "4"]
[White "Kolbak, Jens"]
[Black "Petersen, Peter Birk"]
[Result "1-0"]
[WhiteElo "2129"]
[BlackElo "2106"]
[EventDate "2019.02.09"]
[EventType "swiss"]
[EventRounds "7"]
[EventCountry "DEN"]

1. e4 c5 2. Nf3 e6 3. Be2 Nc6 4. O-O Nf6 5. Nc3 Be7 6. d4 cxd4 7. Nxd4 Qc7 8.
Ndb5 Qb8 9. a4 O-O 10. Be3 d6 11. f4 b6 12. Bf3 Bb7 13. Qe2 Re8 14. Qf2 Bf8 15.
Rad1 d5 16. exd5 exd5 17. Kh1 Ne4 18. Bxe4 dxe4 19. Nd5 Ba6 20. Rfe1 Bxb5 21.
axb5 Ne7 22. Nxe7+ Rxe7 23. Rd5 Qe8 24. c4 Rc8 25. b3 Rec7 26. f5 Bc5 27. h3 f6
28. Qf4 Bb4 29. Bd2 Bxd2 30. Rxd2 Re7 31. Rde2 Rd8 32. Rxe4 Rxe4 33. Qxe4 Qxe4
34. Rxe4 Kf7 35. Re3 Rd2 36. Kh2 g6 37. b4 Rb2 38. Ra3 gxf5 39. Rxa7+ Kg6 40.
Ra4 f4 41. Kg1 Kf5 42. c5 Rb1+ 43. Kh2 Rb2 44. cxb6 f3 45. Kg1 Rxg2+ 46. Kf1
Rg8 47. Ra3 Rb8 48. Rxf3+ Kg6 49. Rc3 Rxb6 50. Rc5 Re6 51. Rc4 Rb6 52. Rg4+ Kf7
53. Ke2 Rxb5 54. Kd3 Rf5 55. Kc4 Rf3 56. Rh4 Kg6 57. b5 Rf1 58. Kc5 f5 59. Rb4
f4 60. b6 f3 61. b7 f2 62. b8=Q Rc1+ 63. Kb6 f1=Q 64. Rg4+ Kf5 65. Qf8+ Ke6 66.
Qe8+ Kf6 67. Qd8+ Kf7 68. Qd7+ Kf6 69. Qd4+ Ke6 70. Re4+ Kf5 71. Qe5+ Kg6 72.
Rg4+ 1-0

[Event "Senior DM 2019-65+"]
[Site "Aarhus"]
[Date "2019.02.14"]
[Round "4"]
[White "Madsen, Svend Aage"]
[Black "Hvenekilde, Jorgen"]
[Result "1/2-1/2"]
[WhiteElo "2040"]
[BlackElo "2032"]
[EventDate "2019.02.09"]
[EventType "swiss"]
[EventRounds "7"]
[EventCountry "DEN"]

1. e4 e5 2. Nf3 d6 3. d4 exd4 4. Qxd4 a6 5. Bg5 Nc6 6. Qc3 f6 7. Bh4 d5 8. Qe3
d4 9. Qd2 Be6 10. c3 dxc3 11. Nxc3 Qxd2+ 1/2-1/2

[Event "Senior DM 2019-65+"]
[Site "Aarhus"]
[Date "2019.02.14"]
[Round "4"]
[White "Markussen, Benno Orvad"]
[Black "Mortensen, Steen Juul"]
[Result "1/2-1/2"]
[WhiteElo "1739"]
[BlackElo "1913"]
[EventDate "2019.02.09"]
[EventType "swiss"]
[EventRounds "7"]
[EventCountry "DEN"]

1. Nf3 Nf6 2. c4 g6 3. b3 Bg7 4. Bb2 d6 5. g3 O-O 6. Bg2 c5 7. O-O Nc6 8. d3 a6
9. Nc3 Rb8 10. a4 Bd7 11. h3 Ne8 12. e3 Nc7 13. Rb1 b5 14. axb5 axb5 15. Nxb5
Nxb5 16. Bxg7 Kxg7 17. cxb5 Rxb5 18. Qc2 Qb6 19. Qc3+ Kg8 20. Nd2 Na5 21. d4
cxd4 22. exd4 Rb4 23. Rfe1 Re8 24. g4 Rc8 25. Qe3 Re8 26. d5 Qxe3 27. Rxe3 Kf8
28. Ra1 Nb7 29. Bf1 Nc5 30. Bc4 Rb7 1/2-1/2

[Event "Senior DM 2019-65+"]
[Site "Aarhus"]
[Date "2019.02.14"]
[Round "4"]
[White "Nielsen, Kaj"]
[Black "Larsen, Jorgen Rene"]
[Result "0-1"]
[WhiteElo "1648"]
[BlackElo "1719"]
[EventDate "2019.02.09"]
[EventType "swiss"]
[EventRounds "7"]
[EventCountry "DEN"]

1. Nf3 Nf6 2. c4 g6 3. Nc3 Bg7 4. g3 c6 5. Bg2 O-O 6. O-O d6 7. d4 Nbd7 8. e4
Qc7 9. Re1 e5 10. dxe5 dxe5 11. Be3 Ng4 12. Bd2 Nc5 13. Bf1 Rd8 14. Qc2 Be6 15.
b4 Nd7 16. Ng5 Nf8 17. Rad1 Qe7 18. Be2 Nf6 19. Nf3 Bg4 20. c5 Bxf3 21. Bxf3
Ne6 22. Be3 Rxd1 23. Rxd1 Rd8 24. a4 h6 25. h4 Kh7 26. Qc1 Rxd1+ 27. Qxd1 Qd8
28. Qxd8 Nxd8 29. b5 Ne6 30. Ne2 Bf8 31. g4 Bxc5 32. Bxc5 Nxc5 33. Nc3 Ne8 34.
g5 Nd6 35. Bg2 hxg5 36. hxg5 Ne6 37. f3 Kg7 38. Kf2 Nxg5 39. Bf1 Kf6 40. Ke3
Ne6 41. a5 Nc7 42. b6 axb6 43. axb6 Ncb5 44. Na4 Nd4 45. Bd3 Ne6 46. Bf1 Ke7
47. Bd3 f6 48. Bf1 f5 49. exf5 gxf5 50. Kd3 Kf6 51. Ke3 c5 52. Nc3 Nf4 53. Na4
c4 54. Kd2 Ke6 55. Kc3 Nd5+ 56. Kd2 Kd7 57. Bg2 Kc6 58. f4 e4 59. Bf1 e3+ 60.
Ke2 Kb5 61. Nb2 Kb4 62. Kf3 Kb3 63. Nd1 c3 64. Nxe3 Nxe3 65. Kxe3 c2 0-1

[Event "Senior DM 2019-65+"]
[Site "Aarhus"]
[Date "2019.02.14"]
[Round "4"]
[White "Rendlev, Niels Moller"]
[Black "Larsen, Arne Walther"]
[Result "0-1"]
[WhiteElo "1677"]
[BlackElo "1752"]
[EventDate "2019.02.09"]
[EventType "swiss"]
[EventRounds "7"]
[EventCountry "DEN"]

1. e4 c5 2. d4 cxd4 3. c3 g6 4. cxd4 Bg7 5. Nf3 Nc6 6. Be3 d6 7. Bc4 Nf6 8. Nc3
O-O 9. h3 Nxe4 10. Bxf7+ Rxf7 11. Nxe4 d5 12. Nc3 Bf5 13. O-O Qd7 14. Ng5 Rff8
15. g4 h6 16. gxf5 hxg5 17. Qg4 Qxf5 18. Qxg5 Qxg5+ 19. Bxg5 Rf5 20. h4 Nxd4
21. Bxe7 Re8 22. Bc5 Nf3+ 23. Kh1 Kf7 24. Bxa7 Rh8 25. Kg2 Nxh4+ 26. Kh3 Nf3+
27. Kg4 Rh4+ 28. Kg3 Be5+ 29. Kg2 0-1

[Event "Senior DM 2019-65+"]
[Site "Aarhus"]
[Date "2019.02.14"]
[Round "4"]
[White "Stald, Flemming"]
[Black "Nielsen, Bent K"]
[Result "1-0"]
[WhiteElo "1954"]
[BlackElo "1278"]
[EventDate "2019.02.09"]
[EventType "swiss"]
[EventRounds "7"]
[EventCountry "DEN"]

1. d4 Nf6 2. Bf4 e6 3. e3 c5 4. c3 d5 5. Nd2 Bd7 6. Ngf3 Nc6 7. Bd3 h6 8. Ne5
Nxe5 9. dxe5 g5 10. Bg3 Nh7 11. h4 f5 12. Qh5+ Ke7 13. hxg5 Nxg5 14. Bh4 Bg7
15. f4 Be8 16. Qe2 Bc6 17. O-O-O c4 18. Bc2 Qa5 19. Bb1 Kd7 20. fxg5 Bxe5 21.
Nf3 Bd6 22. Nd4 Ba4 23. Rdf1 Rag8 24. gxh6 Rxh6 25. Be1 Rhg6 26. Rfg1 Qc7 27.
Rh7+ Be7 28. Nxf5 exf5 29. Bxf5+ Kd8 30. Bxg6 Rxg6 31. Bh4 Re6 32. Rf1 Qe5 33.
Rf8+ Kd7 34. Rff7 Kc6 35. Rxe7 Rxe7 36. Rxe7 Qh2 37. Be1 1-0

[Event "Senior DM 2019-65+"]
[Site "Aarhus"]
[Date "2019.02.14"]
[Round "4"]
[White "Strachan, Christian C"]
[Black "Mikkelsen, Peter Jorgen Dam"]
[Result "0-1"]
[WhiteElo "1912"]
[BlackElo "2070"]
[EventDate "2019.02.09"]
[EventType "swiss"]
[EventRounds "7"]
[EventCountry "DEN"]

1. e4 c6 2. d4 d5 3. e5 Bf5 4. h4 h5 5. Bd3 Bxd3 6. Qxd3 e6 7. Nf3 Nd7 8. O-O
Be7 9. Bg5 Bxg5 10. Nxg5 Ne7 11. Nd2 Nf5 12. g3 Qe7 13. c4 dxc4 14. Nxc4 Nb6
15. Ne3 g6 16. Ne4 O-O-O 17. Nxf5 gxf5 18. Nd6+ Kb8 19. Qb3 Rhg8 20. Kh2 Rg4
21. Rad1 Rdg8 22. Qf3 Nd5 23. Rd3 b6 24. Rb3 f6 25. a4 Rxd4 26. Qxh5 fxe5 27.
Qf7 Rf8 28. Qxe7 Nxe7 29. Rc1 0-1

[Event "Senior DM 2019-65+"]
[Site "Aarhus"]
[Date "2019.02.15"]
[Round "5"]
[White "Christiansen, Arne"]
[Black "Markussen, Benno Orvad"]
[Result "1/2-1/2"]
[WhiteElo "2039"]
[BlackElo "1739"]
[EventDate "2019.02.09"]
[EventType "swiss"]
[EventRounds "7"]
[EventCountry "DEN"]

1. d4 d6 2. Nf3 Nf6 3. c4 c6 4. Nc3 Qc7 5. e4 e5 6. Be2 Bg4 7. d5 Nbd7 8. O-O
a5 9. Ne1 Bxe2 10. Qxe2 Be7 11. Nd3 O-O 12. f4 Ne8 13. fxe5 dxe5 14. Be3 b6 15.
dxc6 Qxc6 16. Nd5 Bd8 17. Rac1 Nc7 18. Qf2 Na6 19. Rfd1 Qg6 20. Nc3 Rc8 21. b3
Qe6 22. Nd5 Ndc5 23. Nxc5 1/2-1/2

[Event "Senior DM 2019-65+"]
[Site "Aarhus"]
[Date "2019.02.15"]
[Round "5"]
[White "Hardlei, Kim"]
[Black "Larsen, Jorgen Rene"]
[Result "1-0"]
[WhiteElo "1825"]
[BlackElo "1719"]
[EventDate "2019.02.09"]
[EventType "swiss"]
[EventRounds "7"]
[EventCountry "DEN"]

1. e4 c6 2. d4 d5 3. e5 Bf5 4. Nf3 e6 5. Bd3 Bxd3 6. Qxd3 Qb6 7. O-O c5 8. dxc5
Bxc5 9. Nc3 Be7 10. Be3 Qc7 11. Nb5 Qa5 12. a3 Nc6 13. Rfe1 a6 14. Nbd4 Qc7 15.
Bf4 Bc5 16. c3 Nge7 17. Ng5 Bxd4 18. cxd4 h6 19. Nf3 g5 20. Bd2 Ng6 21. Rec1
Qb6 22. Bc3 Nf4 23. Qe3 Ne7 24. Qd2 Kd7 25. g3 Nfg6 26. Ba5 Qb3 27. Rc3 Qa4 28.
Rc7+ Ke8 29. Rxb7 Nc6 30. Bc3 Ngxe5 31. Nxe5 Nxe5 32. dxe5 Qc6 33. Rb3 Kd7 34.
Bd4 Rab8 35. Rc3 Qb7 36. Rac1 Rbc8 37. Qc2 Rxc3 38. Qxc3 Rc8 39. Qxc8+ Qxc8 40.
Rxc8 Kxc8 41. f4 g4 42. Kf2 Kd7 43. Ke3 h5 44. Kd3 Kc6 45. Kc3 Kb5 46. Kb3 a5
47. Bf2 a4+ 48. Kc3 Ka5 49. Bc5 Kb5 50. Bd4 Ka5 51. b3 Kb5 52. bxa4+ Kxa4 53.
Kb2 Ka5 54. Kb3 Kb5 55. a4+ Ka5 56. Ka3 1-0

[Event "Senior DM 2019-65+"]
[Site "Aarhus"]
[Date "2019.02.15"]
[Round "5"]
[White "Hartung Nielsen, Jens"]
[Black "Kolbak, Jens"]
[Result "1/2-1/2"]
[WhiteElo "2192"]
[BlackElo "2129"]
[EventDate "2019.02.09"]
[EventType "swiss"]
[EventRounds "7"]
[EventCountry "DEN"]

1. d4 Nf6 2. c4 e6 3. Nc3 d5 4. cxd5 exd5 5. Bg5 Nbd7 6. e3 c6 7. Bd3 Be7 8.
Qc2 O-O 9. Nge2 Re8 10. O-O h6 11. Bf4 Nh5 12. Nxd5 Nxf4 13. Ndxf4 Nf6 14. Ng3
Bd6 15. Nfe2 h5 16. h3 h4 17. Nf5 Bxf5 18. Bxf5 Nd5 19. e4 Nb4 20. Qb3 a5 21.
e5 Bf8 22. f4 c5 23. e6 fxe6 24. Bxe6+ Kh8 25. d5 Qf6 26. f5 Bd6 27. Qf3 g6 28.
fxg6 Qxf3 29. Rxf3 Rf8 30. Bf7 Kg7 31. Nf4 Bxf4 32. Rxf4 Nxd5 33. Rxh4 Nf6 34.
Rf1 Rh8 35. Rhf4 Ra6 36. Rf5 Rc6 37. Re1 b6 38. Re7 Rd6 39. Rf4 Rhd8 40. b3
R8d7 41. Rxd7 Rxd7 42. h4 b5 43. Rf2 Rd1+ 44. Rf1 Rd2 45. Rc1 Ne4 46. Kh2 Rxa2
47. b4 c4 48. bxa5 Rxa5 49. Bxc4 bxc4 50. Rxc4 Nf6 1/2-1/2

[Event "Senior DM 2019-65+"]
[Site "Aarhus"]
[Date "2019.02.15"]
[Round "5"]
[White "Hvenekilde, Jorgen"]
[Black "Jensen, Vagn"]
[Result "1/2-1/2"]
[WhiteElo "2032"]
[BlackElo "2141"]
[EventDate "2019.02.09"]
[EventType "swiss"]
[EventRounds "7"]
[EventCountry "DEN"]

1. e4 e5 2. Nf3 Nc6 3. d4 exd4 4. Nxd4 Bc5 5. Be3 Bb6 6. Nc3 Nge7 7. Be2 O-O 8.
Qd2 d5 9. Nxc6 bxc6 10. O-O-O Be6 11. Bf3 1/2-1/2